banner-ar

ماوراء المجموعة الشمسية / (Record no. 51338)

MARC details
000 -الفاتح
حقل البيانات ثابتة الطول 00613nam a2200205Ia 4500
008 - عناصر البيانات ثابتة الطول - معلومات عامة
حقل البيانات ثابتة الطول 140319s9999 xx 000 0 ara d
040 ## - مصدر الفهرسة
وكالة الفهرسة الأصلية GCL /
وكالة النسخ GCL
082 04 - رقم تصنيف ديوى العشرى
رقم التصنيف 521.54
رقم المادة ب م
100 1# - المدخل الرئيسى - إسم شخصى
الإسم الشخصى باركر، برثا موريس
245 10 - بيان العنوان
العنوان ماوراء المجموعة الشمسية /
بيان المسئوليه,etc باركر، برثا موريس
700 1# - المدخل الاضافى - اسم شخصى
الإسم الشخصى ادوار رياض
300 ## - الوصف المادى
التعداد 36 ص
490 ## - بيان السلسلة
عنوان السلسلة مجموعة الكتب العلمية المبسطة
رقم المجلد/ التعيين التسلسلي 0
650 04 - المدخل الاضافى بالموضوع-مصطلح موضوعى
مصطلح موضوعي النجوم
650 04 - المدخل الاضافى بالموضوع-مصطلح موضوعى
مصطلح موضوعي الفلك
650 04 - المدخل الاضافى بالموضوع-مصطلح موضوعى
مصطلح موضوعي الكواكب
650 04 - المدخل الاضافى بالموضوع-مصطلح موضوعى
مصطلح موضوعي النظام الشمسى
942 ## - عناصر المدخل الإضافي( كوها)
مصدر التصنيف او مخطط الترفيف Dewey Decimal Classification
Koha [default] item type كتاب
Holdings
حالة التراجع حالة الفقد حالة تلف ليس للاعارة المكان المؤقت الموقع الحالى تاريخ الاكتساب اجمالي اﻻعارات رقم الطلب الباركود تاريخ اخر مشاهدة تاريخ تفعيل السعر نوع وعاء كوها
        مكتبة القاهرة الكبرى مكتبة القاهرة الكبرى 03/26/2014   521.54\ب م 122986 03/26/2014 03/26/2014 كتاب

Powered By

EGPV